The Thoughtful Guide to Islam / (Record no. 64742)

MARC details
000 -LEADER
fixed length control field 00439nam a22001457a 4500
005 - DATE AND TIME OF LATEST TRANSACTION
control field 20180730103729.0
020 ## - INTERNATIONAL STANDARD BOOK NUMBER
International Standard Book Number 8186505806
Terms of availability 495.00
035 ## - SYSTEM CONTROL NUMBER
System control number B-220726, B-220725
037 ## - SOURCE OF ACQUISITION
Stock number DPL
Source of stock number/acquisition ENG
100 ## - MAIN ENTRY--PERSONAL NAME
Personal name Haeri, Shaykh Fadhlalla
245 ## - TITLE STATEMENT
Title The Thoughtful Guide to Islam /
Statement of responsibility, etc by Shaykh Fadhlalla Haeri
260 ## - PUBLICATION, DISTRIBUTION, ETC. (IMPRINT)
Place of publication, distribution, etc New Delhi
Name of publisher, distributor, etc Bhavana Books and Prints
Date of publication, distribution, etc 2006
300 ## - PHYSICAL DESCRIPTION
Extent 176p.
Dimensions 20 cms.
942 ## - ADDED ENTRY ELEMENTS (KOHA)
Source of classification or shelving scheme Dewey Decimal Classification
Item type English Books
Classification part 270
Call number suffix HAE
Holdings
Withdrawn status Lost status Not for loan Collection code Home library Current library Date acquired Cost, normal purchase price Full call number Barcode Cost, replacement price Koha item type Source of acquisition
      Non-fiction Patel Nagar Patel Nagar 30/07/2018 495.00 270 HAE B-220725 495.00 English Books BPPD/Pub
      Non-fiction Sarojini Nagar Sarojini Nagar 07/04/2012 495.00 270 HAE B-220726 495.00 English Books  

© Delhi Public Library
Hit Counter
free hit counter